[Event "Club Championships B Grade"]
[Site "Wellington Chess Club"]
[Date "2021.11.11"]
[Round "1.2"]
[White "Pomeroy, Arthur"]
[Black "Sellen, Ian"]
[Result "0-1"]
[WhiteElo "1994"]
[BlackElo "2027"]

1. e4 e5 2. Nf3 Nc6 3. Bb5 a6 4. Ba4 Nf6 5. O-O Be7 6. Re1 b5 7. Bb3 O-O 8. a4
Bb7 9. d3 d6 10. c3 Na5 11. Bc2 c5 12. Nbd2 Nc6 13. Nf1 b4 14. Ng3 Bc8 15. h3
Re8 16. Be3 Bf8 17. d4 Qa5 18. Bb3 Nd8 19. cxb4 Qxb4 20. Bd2 Qb8 21. dxe5 dxe5
22. Bc3 Nc6 23. Bc4 Nd4 24. Ng5 Ra7 25. Nh5 Qb6 26. f4 h6 27. a5 Qc6 28. Nf3
Nxh5 29. Nxe5 Rxe5 30. fxe5 Qg6 31. Re3 Nf4 32. g4 Nfe6 33. Bd5 Qg5 34. Qd2
Qxe5 35. b4 cxb4 36. Bxe6 bxc3 37. Rxc3 Bxe6 38. Re1 Bb4 39. Rc8+ Bxc8 0-1

[Event "Club Championships B Grade"]
[Site "Wellington Chess Club"]
[Date "2021.11.11"]
[Round "1.3"]
[White "Stone, Andrew"]
[Black "Sole, Michael"]
[Result "1-0"]
[WhiteElo "2042"]
[BlackElo "2011"]

1. e4 e5 2. Nf3 Nc6 3. c3 d5 4. Qa4 f6 5. Bb5 Ne7 6. O-O dxe4 7. Qxe4 Be6 8. d4
Bd5 9. Qe2 Bxf3 10. Qxf3 Qd5 11. Qxd5 Nxd5 12. Re1 O-O-O 13. Bxc6 bxc6 14. dxe5
fxe5 15. Bg5 Nf6 16. Nd2 Bd6 17. Rad1 Rde8 18. f3 Re6 19. Ne4 Rf8 20. Bh4 Nxe4
21. Rxe4 Bc5+ 22. Kf1 Bd6 23. Rde1 Kd7 24. Bg3 Rfe8 25. Ra4 Rb8 26. b3 Rb7 27.
Bf2 c5 28. Rae4 Rb8 29. Bg3 Rbe8 30. Ra4 Ra8 31. Ra6 Kc8 32. Ra4 Kd7 33. Kg1 g5
34. h4 h6 35. h5 Re7 36. Bf2 Rf7 37. Bg3 Re7 38. Rc4 a5 39. Kh2 Re6 40. Kh3 Re7
41. Kg4 Re6 42. Bf2 Kc6 43. Ree4 Rf6 44. Bxc5 Bxc5 45. b4 axb4 46. cxb4 Rf4+
47. Rxf4 exf4 48. Rxc5+ Kd6 49. Rc2 Ra4 50. Kf5 Kd7 51. b5 Ra5 52. Kg6 Rxb5 53.
Kxh6 Ra5 54. Kg6 Ke8 55. Rxc7 Rxa2 56. h6 Kf8 57. h7 Ra6+ 58. Kh5 1-0

[Event "Club Championships B Grade"]
[Site "Wellington Chess Club"]
[Date "2021.11.18"]
[Round "2.1"]
[White "Langford, Josh"]
[Black "Sole, Michael"]
[Result "0-1"]
[WhiteElo "1977"]
[BlackElo "2011"]

1. e4 e5 2. Nf3 Nc6 3. d4 exd4 4. Bc4 Bc5 5. c3 Nf6 6. e5 d5 7. Bb5 Ne4 8. cxd4
Bb6 9. Nc3 O-O 10. Be3 f5 11. exf6 Nxf6 12. Bxc6 bxc6 13. Ne5 Qd6 14. O-O c5
15. dxc5 Bxc5 16. Bxc5 Qxc5 17. Re1 Rb8 18. Qd2 d4 19. Na4 Qd5 20. Rac1 Ne4 21.
Qe2 Nxf2 22. Nc6 Qg5 23. Rf1 Bh3 24. g3 Bxf1 25. Qe6+ Kh8 26. Rxf1 Rbe8 27.
Rxf2 Qc1+ 0-1

[Event "Club Championships B Grade"]
[Site "Wellington Chess Club"]
[Date "2021.11.18"]
[Round "2.2"]
[White "Sellen, Ian"]
[Black "Stone, Andrew"]
[Result "1-0"]
[WhiteElo "2027"]
[BlackElo "2042"]

1. c4 f5 2. Nc3 Nf6 3. g3 e6 4. Bg2 d5 5. cxd5 exd5 6. d4 c6 7. Nf3 Bd6 8. O-O
O-O 9. e3 a5 10. Nd2 b5 11. a4 b4 12. Ne2 Ba6 13. Re1 Ra7 14. Nb3 Re7 15. Qc2
Bc4 16. Nd2 Bxe2 17. Rxe2 f4 18. Nb3 Qe8 19. Bf3 fxg3 20. hxg3 Ne4 21. Bxe4
Rxe4 22. Re1 Rg4 23. Kg2 Qf7 (23... Bxg3 $1 24. fxg3 Qf7 25. Qe2 Qg6 {wins for
black} ) 24. f4 Re8 25. Rh1 g5 26. Qxh7+ Qxh7 27. Rxh7 gxf4 28. Rh3 fxe3 29.
Kf3 Rge4 30. Rh4 Rf8+ 31. Ke2 Rf2+ 32. Kd3 e2 33. Bd2 Rf3+ 34. Kc2 Bxg3 35.
Rxe4 dxe4 36. Be1 Nd7 37. Nxa5 c5 38. Nc6 Bf4 39. b3 cxd4 40. Nxd4 Nc5 41. Nxf3
exf3 42. a5 Bb8 43. Bf2 Ne4 44. Be3 Bf4 $4 45. Kd3 f2 46. Kxe2 f1=Q+ 47. Rxf1
Ng3+ 48. Kd3 Bxe3 49. Rf3 1-0

[Event "Club Championships B Grade"]
[Site "Wellington Chess Club"]
[Date "2021.11.18"]
[Round "2.3"]
[White "Benitez, Edgar"]
[Black "Pomeroy, Arthur"]
[Result "1-0"]
[WhiteElo "1988"]
[BlackElo "1994"]

1. d4 Nf6 2. c4 g6 3. Nc3 Bg7 4. Nf3 O-O 5. Bg5 c5 6. d5 a6 7. e4 d6 8. h3 b5
9. cxb5 axb5 10. Bxb5 Qa5 11. Nd2 Ba6 12. Bxa6 Nxa6 13. O-O Rfb8 14. Rb1 Nc7
15. Re1 Kf8 16. e5 dxe5 17. Nc4 Qa6 18. Nxe5 Rd8 19. Qf3 h6 20. Bh4 g5 21. Bg3
Ncxd5 22. Ne4 Qxa2 23. Nxc5 Nb4 24. Qe2 Qd5 25. Rbc1 Qd2 26. Qc4 Nbd5 27. Nc6
Qxb2 28. Nxd8 Rxd8 29. Be5 Qb4 30. Qe2 e6 31. Rc4 Qb5 32. Rec1 Nb6 33. Bc7 Rd4
34. Bxb6 Rxc4 35. Qxc4 Qxb6 36. Ne4 Nxe4 37. Qxe4 Qd4 38. Rc8+ Ke7 39. Rc7+ Kf6
40. Qxd4+ 1-0

[Event "Club Championships B Grade"]
[Site "Wellington Chess Club"]
[Date "2021.11.25"]
[Round "3.1"]
[White "Pomeroy, Arthur"]
[Black "Langford, Josh"]
[Result "0-1"]
[WhiteElo "1994"]
[BlackElo "1977"]

1. c4 e5 2. g3 Nc6 3. Bg2 Bc5 4. Nc3 a6 5. Nf3 d6 6. O-O Nge7 7. d3 O-O 8. a3
Ba7 9. b4 Be6 10. Bb2 Qd7 11. Ng5 Bf5 12. Nd5 h6 13. Ne4 Nxd5 14. cxd5 Ne7 15.
Qb3 Bh3 16. Rac1 Bxg2 17. Kxg2 f5 18. Nd2 Rac8 19. f4 exf4 20. Rxf4 Be3 0-1

[Event "Club Championships B Grade"]
[Site "Wellington Chess Club"]
[Date "2021.11.25"]
[Round "3.2"]
[White "Stone, Andrew"]
[Black "Benitez, Edgar"]
[Result "1-0"]
[WhiteElo "2042"]
[BlackElo "1988"]

1. e4 e5 2. Nf3 Nc6 3. Bc4 Bc5 4. c3 Nf6 5. d4 exd4 6. b4 Be7 7. e5 Ne4 8. b5
Na5 9. Bd5 Nxc3 10. Qxd4 Nxd5 11. Qxd5 c6 12. Qe4 cxb5 13. O-O O-O 14. Nc3 b4
15. Nd5 Nc6 16. Bb2 Re8 17. Rfe1 Bf8 18. h4 h6 19. Rad1 Qa5 20. Bc1 d6 21. Bxh6
Nxe5 22. Ng5 f5 23. Qd4 Re6 24. Nxe6 Bxe6 25. Bf4 Nc6 26. Qd2 Bf7 27. Qd3 Qxa2
28. Qxf5 Rd8 29. Bg5 Rb8 30. Ne7+ Nxe7 31. Bxe7 d5 32. h5 Re8 33. Qg5 b3 34. h6
g6 35. Bxf8 1-0

[Event "Club Championships B Grade"]
[Site "Wellington Chess Club"]
[Date "2021.11.25"]
[Round "3.3"]
[White "Sole, Michael"]
[Black "Sellen, Ian"]
[Result "0-1"]
[WhiteElo "2011"]
[BlackElo "2027"]

1. d4 d5 2. c4 e6 3. Nc3 Nf6 4. cxd5 exd5 5. Bg5 Be7 6. e3 c6 7. Bd3 h6 8. Bh4
Bg4 9. f3 Be6 10. Nge2 O-O 11. O-O Re8 12. Qc2 Nbd7 13. Rad1 Nf8 14. h3 Nh5 15.
Bf2 Bh4 16. e4 Qg5 17. Bxh4 Qxh4 18. e5 Nf4 19. Nxf4 Qxf4 20. Qf2 Bf5 21. Ne2
Qg5 22. f4 Qg6 23. Bxf5 Qxf5 24. g4 Qc2 25. Ng3 Qxf2+ 26. Rxf2 g6 27. Rc2 Rad8
28. f5 Kg7 29. Kg2 Nd7 30. fxg6 fxg6 31. b4 Nb6 32. Re1 Re6 33. Nf1 Rf8 34. Kg3
Rf7 35. Ne3 Nd7 36. Ree2 Nf8 37. Rf2 Ree7 38. Rcd2 Ne6 39. Nc2 Ng5 40. Kg2 Ne4
41. Rxf7+ Rxf7 42. Re2 a6 43. a3 Rf4 44. Ne1 Ng5 45. Nc2 Kf7 46. a4 Ke7 47. a5
Ne6 48. Rd2 g5 49. Rd3 Re4 50. Rd2 Kf7 51. Rf2+ Nf4+ 52. Kg3 Kg6 53. Rd2 h5 54.
Na3 hxg4 55. hxg4 Re3+ 56. Kf2 0-1

[Event "Club Championships B Grade"]
[Site "Wellington Chess Club"]
[Date "2021.12.02"]
[Round "4.1"]
[White "Langford, Josh"]
[Black "Sellen, Ian"]
[Result "1/2-1/2"]
[WhiteElo "1977"]
[BlackElo "2027"]

1. e4 c5 2. Nf3 d6 3. d4 cxd4 4. Nxd4 Nf6 5. Nc3 Nc6 6. Bc4 e5 7. Nb3 Be6 8.
Qe2 Bxc4 9. Qxc4 Rc8 10. Bg5 Nd4 11. Qd3 Ne6 12. Bxf6 gxf6 13. Nd5 Be7 14.
O-O-O Qd7 15. g3 Nc7 16. Ne3 Qb5 17. Qxb5+ Nxb5 18. Na5 b6 19. Nac4 Rc6 20. b3
Nc3 21. Rde1 Nxe4 22. Nd5 Nc5 23. Rd1 Ne6 24. Nb4 Rc5 25. Nxd6+ Bxd6 26. Rxd6
Ke7 27. Rhd1 Nd4 28. Rd5 Rhc8 29. c4 b5 30. Rxc5 Rxc5 31. Nd5+ Ke6 32. Ne3 bxc4
{Draw agreed} 1/2-1/2

[Event "Club Championships B Grade"]
[Site "Wellington Chess Club"]
[Date "2021.12.02"]
[Round "4.2"]
[White "Benitez, Edgar"]
[Black "Sole, Michael"]
[Result "0-1"]
[WhiteElo "1988"]
[BlackElo "2011"]

1. d4 Nf6 2. c4 e6 3. Nc3 Bb4 4. Qc2 c5 5. e3 cxd4 6. exd4 Nc6 7. Nf3 O-O 8.
Bd3 d5 9. a3 dxc4 10. Be2 Ba5 11. Be3 b5 12. O-O a6 13. Rfd1 Bb7 14. Bg5 Bxc3
15. bxc3 h6 16. Bh4 g5 17. Bg3 Qd5 18. Bf1 Ne4 19. Re1 f5 20. Bc7 Rae8 21. Ne5
Re7 22. Nxc6 Qxc6 23. Ba5 Rff7 24. f3 Nf6 25. Bb4 Re8 26. Re5 Nd7 27. Re2 Qb6
28. Kh1 a5 29. Bc5 Nxc5 30. dxc5 Qxc5 31. h4 e5 32. Rd2 e4 33. fxe4 Rxe4 34.
Rd8+ Kg7 35. Rd4 Rxd4 36. cxd4 Qxd4 37. Rd1 Qe5 38. Qb1 Be4 39. Qc1 c3 40. hxg5
b4 41. gxh6+ Kh7 42. Qg5 Qf6 43. Qxf6 Rxf6 44. Rd7+ Kxh6 45. Rc7 c2 46. Bb5 Bc6
0-1

[Event "Club Championships B Grade"]
[Site "Wellington Chess Club"]
[Date "2021.12.02"]
[Round "4.3"]
[White "Pomeroy, Arthur"]
[Black "Stone, Andrew"]
[Result "1/2-1/2"]
[WhiteElo "1994"]
[BlackElo "2042"]

1. e4 Nf6 2. e5 Nd5 3. d4 b5 4. Nf3 c5 5. Be2 e6 6. Nc3 Nxc3 7. bxc3 cxd4 8.
cxd4 Bb7 9. O-O b4 10. a3 Qc7 11. axb4 Bxb4 12. Ba3 Nc6 13. c3 Be7 14. Nd2 Bxa3
15. Rxa3 Ne7 16. Nc4 Nf5 17. Na5 Be4 18. Bf3 Bxf3 19. Qxf3 Rb8 20. Rfa1 O-O 21.
Nb3 Rfc8 22. Nc5 Ra8 23. Rb3 d6 24. Rb7 Qd8 25. exd6 Nxd6 26. Rd7 Qb6 27. g4 a5
28. Ne4 Rd8 29. Rxd6 Qb2 30. Re1 a4 31. Rxd8+ Rxd8 32. Nd6 Rf8 33. Nc4 Qb3 34.
Qd3 Rb8 35. Nd2 Qd5 36. c4 Qa5 37. Rb1 Rxb1+ 38. Qxb1 h6 39. Qb8+ Kh7 40. Qb1+
Kg8 41. Qa2 Qc3 42. h3 Qxh3 43. c5 Qxg4+ 44. Kh2 Qh4+ 1/2-1/2

[Event "Club Championships B Grade"]
[Site "Wellington Chess Club"]
[Date "2021.12.09"]
[Round "5.1"]
[White "Stone, Andrew"]
[Black "Langford, Josh"]
[Result "0-1"]
[WhiteElo "2042"]
[BlackElo "1977"]

1. e4 c6 2. c4 d5 3. exd5 Nf6 4. Nc3 cxd5 5. cxd5 Nxd5 6. d4 Nc6 7. Qb3 e6 8.
Nf3 Be7 9. Bd3 O-O 10. O-O Bf6 11. Be3 Nxe3 12. fxe3 b6 13. Rad1 Bb7 14. Be4
Na5 15. Qc2 Bxe4 16. Qxe4 Rc8 17. Qf4 Nc4 18. b3 Nb2 19. Rd2 Rxc3 20. Rxb2 Qd5
21. g4 Be7 22. e4 Bd6 23. Qd2 Qc6 24. e5 Ba3 25. d5 Qc5+ 26. Kh1 Bxb2 27. Qxb2
Rc2 28. Qb1 exd5 29. Qe1 Qc3 30. Qh4 Rc1 31. Ne1 Qxe5 0-1

[Event "Club Championships B Grade"]
[Site "Wellington Chess Club"]
[Date "2021.12.09"]
[Round "5.2"]
[White "Sole, Michael"]
[Black "Pomeroy, Arthur"]
[Result "0-1"]
[WhiteElo "2011"]
[BlackElo "1994"]

1. e4 c5 2. Nf3 d6 3. d4 cxd4 4. Nxd4 Nf6 5. Nc3 a6 6. Be3 g6 7. f3 b5 8. Qd2
Bb7 9. g4 h5 10. gxh5 Rxh5 11. O-O-O Nbd7 12. Be2 Rc8 13. Rhe1 Rhc5 14. Ndxb5
axb5 15. Bxc5 Rxc5 16. Bxb5 Qb6 17. a4 Bc6 18. b4 Rh5 19. Qd4 Qb7 20. Bc4 Bh6+
21. Kb2 Qxb4+ 22. Ka2 Qc5 23. Qxc5 Rxc5 24. Kb3 Ne5 25. Be2 Nfd7 26. Rf1 Bg7
27. Nd5 Bxd5+ 28. Rxd5 Rc7 29. f4 Nc6 30. Bb5 Nd4+ 31. Kb4 Nxc2+ 32. Ka5 Bc3+
0-1

[Event "Club Championships B Grade"]
[Site "Wellington Chess Club"]
[Date "2021.12.09"]
[Round "5.3"]
[White "Sellen, Ian"]
[Black "Benitez, Edgar"]
[Result "1/2-1/2"]
[WhiteElo "2027"]
[BlackElo "1988"]

1. c4 e5 2. Nc3 Bb4 3. Qc2 Nc6 4. e3 Nf6 5. Nf3 d6 6. a3 Bxc3 7. Qxc3 Bg4 8.
Be2 O-O 9. d3 Re8 10. e4 Bxf3 11. Bxf3 Nd4 12. Bd1 c5 13. O-O a6 14. b4 b6 15.
f4 Qc7 16. Qe1 b5 17. bxc5 Qxc5 18. Be3 bxc4 19. Rc1 Qxa3 20. Rc3 Qa5 21. Bxd4
exd4 22. Rxc4 Qb6 23. Qf2 d5 24. Qxd4 Qxd4+ 25. Rxd4 dxe4 26. dxe4 Rxe4 27.
Rxe4 Nxe4 28. Re1 f5 29. Bc2 a5 30. Bxe4 fxe4 31. Rxe4 a4 32. Re2 a3 33. Ra2
Kf7 34. Kf2 Ke6 35. Ke3 Kf5 36. g3 Ra4 37. Kf3 h5 38. h3 g6 (38... Ke6 39. Ke3
Kd5 40. Kd3 g6 41. Kc3 Ke4 42. Kb3 Ra7 $19) 39. g4+ hxg4+ 40. hxg4+ Kf6 41. Ke3
Ke6 42. f5+ gxf5 43. gxf5+ Kxf5 44. Kd3 1/2-1/2

[Event "Club Championships C Grade"]
[Site "Wellington Chess Club"]
[Date "2021.11.11"]
[Round "1.1"]
[White "Hall, Nathan"]
[Black "Winsley, Nicholas"]
[Result "0-1"]
[WhiteElo "1974"]
[BlackElo "1821"]

1. d4 d5 2. Bf4 Bf5 3. Nf3 Nf6 4. e3 e6 5. Nbd2 Nbd7 6. Be2 c5 7. c3 Be7 8. Nh4
Be4 9. Nxe4 dxe4 10. g4 cxd4 11. Qxd4 O-O 12. g5 Nd5 13. Qxe4 Nc5 14. Qc2 Bxg5
15. Bxg5 Qxg5 16. Nf3 Qf5 17. Qxf5 exf5 18. Nd4 f4 19. Bf3 Rad8 20. Kd2 fxe3+
21. fxe3 Rfe8 22. Rae1 Ne4+ 23. Bxe4 Rxe4 24. Rhg1 g6 25. Rg3 a6 26. a3 Kf8 27.
Rh3 Kg8 28. Rf3 f5 29. Rg1 Kh8 30. Rg2 Rde8 31. Re2 b5 32. Rg3 Nb6 33. Kd3 Nc4
34. b3 Nb6 35. c4 bxc4+ 36. bxc4 Rc8 37. Rc2 Nd7 38. Rb2 Ne5+ 39. Ke2 f4 40.
Rg5 Rxe3+ 41. Kf1 Rxc4 42. Rb8+ Kg7 43. Nf5+ Kf6 44. Nxe3 Rc1+ 45. Ke2 Kxg5 46.
h4+ Kxh4 47. Rb4 Kg5 48. Nd5 f3+ 49. Kf2 Nd3+ 0-1

[Event "Club Championships C Grade"]
[Site "Wellington Chess Club"]
[Date "2021.11.11"]
[Round "1.2"]
[White "Winsley, Daniel"]
[Black "Heyworth, Nicholas"]
[Result "1/2-1/2"]
[WhiteElo "1829"]
[BlackElo "1838"]

1. c4 c5 2. Nc3 Nc6 3. g3 g6 4. Bg2 Bg7 5. e3 e5 6. Nge2 Nge7 7. O-O O-O 8. Nd5
Nxd5 9. Bxd5 Ne7 10. Bg2 d5 11. d3 Rb8 12. Nc3 Be6 13. Qe2 a6 14. a4 Qd7 15. a5
b5 16. axb6 Rxb6 17. Ra5 Qd6 18. Rd1 Nc6 19. Ra3 Nb4 20. cxd5 Bxd5 21. Nxd5
Nxd5 22. Bxd5 Qxd5 23. e4 Qb7 24. Qc2 Rb8 25. Ra5 Bf8 26. Qa4 Bd6 27. Be3 Rxb2
28. Rxa6 Qe7 29. Qc6 Rd8 30. Rda1 Rb3 31. Ra8 Rbb8 32. R1a7 Qf8 33. Rxb8 Rxb8
34. Rd7 Rd8 35. Rxd8 Qxd8 36. Bxc5 Bxc5 37. Qxc5 Qxd3 38. Qxe5 Qb1+ 39. Kg2 Qb7
40. Qd5 Qe7 41. f4 h5 42. e5 Qa3 43. Qf3 Qa2+ 44. Qf2 Qa8+ 45. Qf3 Qa2+ 46. Kh3
Qe6+ 47. g4 hxg4+ 48. Qxg4 Qb3+ 49. Qg3 Qe6+ 50. Kh4 Kg7 51. Qg5 Qa2 52. h3
Qf2+ 53. Qg3 Qe2 54. Qg4 Qf2+ 55. Kg5 Qb2 56. Qd7 1/2-1/2

[Event "Club Championships C Grade"]
[Site "Wellington Chess Club"]
[Date "2021.11.11"]
[Round "1.3"]
[White "Van der Hoorn, Thomas"]
[Black "Archer, Ollie"]
[Result "1-0"]
[WhiteElo "1946"]
[BlackElo "1822"]

1. e4 c6 2. d4 d5 3. e5 Bf5 4. Nf3 e6 5. Be2 c5 6. Be3 Qb6 7. Nc3 Nc6 8. O-O
cxd4 9. Nxd4 Qc7 10. Nxf5 exf5 11. Nxd5 Qd7 12. Bf4 Nge7 13. c4 Rc8 14. Bh5 Qe6
15. Re1 Ng6 16. Bxg6 fxg6 17. Bg5 Bc5 18. b3 O-O 19. Nf4 Qe8 20. Qd5+ Kh8 21.
Qxc5 h6 22. Bxh6 gxh6 23. e6 g5 24. e7 Rf7 25. Nd5 Qd7 26. Qe3 Re8 27. Qe6 Qxe6
28. Rxe6 Kg7 29. Rae1 a5 30. a3 f4 31. b4 axb4 32. axb4 Kh7 33. Nf6+ Rxf6 34.
Rxf6 Kg7 35. Rxc6 bxc6 36. b5 Kf7 37. bxc6 Rxe7 38. Rxe7+ Kxe7 39. Kf1 Kd6 40.
Ke2 Kxc6 41. Kf3 Kc5 42. Kg4 Kxc4 43. Kh5 Kd3 44. Kxh6 g4 45. Kg5 f3 46. gxf3
gxf3 47. Kf4 Ke2 48. Kg3 1-0

[Event "Club Championships C Grade"]
[Site "Wellington Chess Club"]
[Date "2021.11.18"]
[Round "2.1"]
[White "Winsley, Nicholas"]
[Black "Archer, Ollie"]
[Result "0-1"]
[WhiteElo "1821"]
[BlackElo "1822"]

1. d4 Nf6 2. c4 e6 3. Nc3 Bb4 4. a3 Bxc3+ 5. bxc3 h6 6. Qc2 d5 7. Bf4 Nbd7 8.
Nf3 O-O 9. cxd5 exd5 10. Ne5 Nxe5 11. Bxe5 c6 12. e3 Be6 13. c4 Qa5+ 14. Qd2
Qxd2+ 15. Kxd2 Ne4+ 16. Ke1 dxc4 17. f3 f6 18. Bf4 Nc3 19. Rc1 Na2 20. Rc2 c3
21. Bd3 b5 22. Bd6 Rfd8 23. Bc7 Rdc8 24. Ba5 Bb3 25. Rf2 c5 26. Bc2 Bxc2 27.
Rxc2 b4 28. Rxa2 b3 29. Ra1 b2 30. Rb1 c2 31. Kd2 cxb1=Q 32. Rxb1 cxd4 33. exd4
Rab8 34. Bb4 Kf7 35. Rxb2 a5 36. Bc3 Rxb2+ 37. Bxb2 Ke6 38. Bc3 a4 39. Bb4 Kd5
40. Bc5 Kc4 41. Ke3 Re8+ 42. Kf2 Kd3 43. Kg3 Re2 44. Bf8 Ra2 45. d5 Kc4 46.
Bxg7 Rxa3 47. Bxf6 Rd3 48. Bg7 a3 49. Kf2 a2 50. d6 Rxd6 51. Ke3 Rd3+ 52. Ke4
Rc3 0-1

[Event "Club Championships C Grade"]
[Site "Wellington Chess Club"]
[Date "2021.11.18"]
[Round "2.2"]
[White "Heyworth, Nicholas"]
[Black "Van der Hoorn, Thomas"]
[Result "1-0"]
[WhiteElo "1838"]
[BlackElo "1946"]

1. e4 e5 2. Nf3 Nc6 3. d4 exd4 4. Nxd4 Nf6 5. Nxc6 bxc6 6. e5 Nd5 7. c4 Nb6 8.
Bd3 Be7 9. Qg4 g6 10. Bh6 d5 11. Qf3 Bg5 12. Bxg5 Qxg5 13. O-O Qxe5 14. Nc3 O-O
15. Rfe1 Qd6 16. Rad1 Be6 17. Bf1 Qb4 18. cxd5 cxd5 19. b3 c6 20. Ne2 a5 21.
Qf6 Rfe8 22. Nd4 Qd6 23. h4 c5 24. Nf3 a4 25. h5 Qe7 26. Qf4 axb3 27. axb3 d4
28. Ng5 Nd5 29. Qg3 Qf6 30. Ne4 Qe7 31. hxg6 hxg6 32. Ng5 Qf6 33. Ne4 Qe7 34.
Ng5 Kg7 35. Bd3 Qc7 36. Qf3 Qf4 37. Nxe6+ fxe6 38. Rxe6 Rxe6 39. Qxd5 Rae8 40.
Qxc5 Re5 41. Qc4 Re1+ 42. Rxe1 Rxe1+ 43. Bf1 Rc1 44. Qa6 Kh6 45. b4 Rb1 46. Qc4
Qc1 47. Qd3 Rxb4 48. Qh3+ Kg5 49. Qg3+ Kf5 50. Qh3+ Kf6 51. Qf3+ Kg7 52. Qd5
Qc7 53. Bd3 Ra4 54. Qe4 Ra1+ 55. Bf1 Qd6 56. Qd3 Ra3 57. Qb1 d3 58. Qb2+ Kh7
59. Qd2 Qd4 60. g3 Rc3 61. Qg5 Rc7 62. Qd2 Rc2 63. Qe1 d2 64. Qe7+ Kh6 65. Qf8+
Kg5 66. Qe7+ Kh6 67. Qf8+ Qg7 68. Qf4+ g5 $4 69. Qd6+ Kh5 70. g4+ Kxg4 71. Be2+
Kf5 72. Qd3+ (72. Bd3+ Kg4 73. Qg3+ Kh5 74. Qh3#) 72... Kf4 73. Qxc2 Qa1+ 74.
Bd1 Qc1 75. Qa4+ Ke5 76. Kf1 Qb1 77. Ke2 Qe4+ 78. Qxe4+ Kxe4 79. Kxd2 Kf4 80.
f3 Kf5 81. Ke3 Ke5 82. Bc2 Kf6 83. Kf2 Ke5 84. Kg3 1-0

[Event "Club Championships C Grade"]
[Site "Wellington Chess Club"]
[Date "2021.11.18"]
[Round "2.3"]
[White "Hall, Nathan"]
[Black "Winsley, Daniel"]
[Result "1-0"]
[WhiteElo "1974"]
[BlackElo "1829"]

1. e4 c6 2. d4 d5 3. Nc3 dxe4 4. Nxe4 Bf5 5. Ng3 Bg6 6. h4 h6 7. Nf3 Nd7 8. Bd3
Bxd3 9. Qxd3 Ngf6 10. O-O e6 11. Re1 Be7 12. Bd2 O-O 13. c3 b5 14. Re2 a5 15.
Rae1 Re8 16. Ne4 Nxe4 17. Qxe4 Rc8 18. Qg4 Nf6 19. Qg3 Bd6 20. Ne5 Kf8 21. Qf3
Bxe5 22. Rxe5 Ke7 23. g4 (23. Bxh6 $1 gxh6 24. Rf5 $16) 23... Rh8 24. g5 Nd7
25. R5e4 Nb6 26. g6 Rf8 27. gxf7 Rxf7 28. Rxe6+ Kf8 29. Qe4 Nd5 30. Qh7 Re7 31.
Bxh6 gxh6 32. Qxh6+ Rg7+ 33. Kf1 Qd7 34. R1e5 Kg8 35. h5 Rc7 36. Ke1 Rg1+ 37.
Kd2 Qg7 38. Re8+ Kf7 39. Qe6# 1-0

[Event "Club Championships C Grade"]
[Site "Wellington Chess Club"]
[Date "2021.11.25"]
[Round "3.1"]
[White "Winsley, Daniel"]
[Black "Winsley, Nicholas"]
[Result "0-1"]
[WhiteElo "1829"]
[BlackElo "1821"]

1. b4 e5 2. Bb2 Bxb4 3. Bxe5 Nf6 4. c3 Ba5 5. e3 Nc6 6. Bg3 d5 7. Bb5 O-O 8.
Qa4 Bb6 9. Nf3 Qe7 10. Bxc6 bxc6 11. h3 Ne4 12. Bh2 Nc5 13. Qa3 Nd3+ 14. Ke2
Bc5 15. Qa5 Bb6 16. Qa3 Qe4 17. Bg3 a5 18. c4 Ba6 19. Ne1 Bxc4 20. Nxd3 Bd4 21.
f3 Qxd3+ 22. Qxd3 Bxd3+ 23. Kxd3 Bxa1 24. Nc3 Bxc3 25. Kxc3 Rab8 26. Bxc7 Rb7
27. Bd6 Rd8 28. Bc5 Rb5 29. d4 Rdb8 30. Rc1 Rb2 31. Rc2 Rb1 32. e4 dxe4 33.
fxe4 Re1 34. e5 f6 35. Bd6 Rbb1 36. Rf2 Kf7 37. exf6 gxf6 38. Be5 Rf1 39. Bg3
Rxf2 40. Bxf2 Rf1 41. Be3 Re1 42. Bd2 Re2 43. g3 Rg2 44. Bf4 Rxa2 45. Kb3 Ra1
46. h4 Ke6 47. Kc4 a4 48. h5 a3 49. h6 Rb1 0-1

[Event "Club Championships C Grade"]
[Site "Wellington Chess Club"]
[Date "2021.11.25"]
[Round "3.2"]
[White "Van der Hoorn, Thomas"]
[Black "Hall, Nathan"]
[Result "1-0"]
[WhiteElo "1946"]
[BlackElo "1974"]

1. e4 c5 2. Nf3 e6 3. d4 cxd4 4. Nxd4 Nc6 5. Nc3 a6 6. Be3 Qc7 7. Qd2 Nf6 8. f3
b5 9. O-O-O Bb7 10. Kb1 b4 11. Na4 d5 12. Nxc6 Qxc6 13. Nb6 Rd8 14. e5 Nd7 15.
Nxd7 Rxd7 16. Bd4 Be7 17. g4 Rc7 18. Bd3 a5 19. f4 Ba6 20. Bxa6 Qxa6 21. f5 Qc6
22. f6 gxf6 23. exf6 Bd6 24. c3 bxc3 25. Bxc3 Qc4 26. Rhe1 Kd7 27. Qg5 Rb8 28.
Ka1 Ba3 29. Qg7 Kc6 30. Rc1 Kb5 31. bxa3 Rbc8 32. Qxh7 Qxg4 33. Qd3+ Rc4 34.
Bb2 Ka6 35. Rh1 Qg2 36. h4 Ka7 37. h5 {Black lost on time} 1-0

[Event "Club Championships C Grade"]
[Site "Wellington Chess Club"]
[Date "2021.11.25"]
[Round "3.3"]
[White "Archer, Ollie"]
[Black "Heyworth, Nicholas"]
[Result "1-0"]
[WhiteElo "1822"]
[BlackElo "1838"]

1. d4 Nf6 2. c4 e6 3. Nf3 d5 4. g3 Be7 5. Bg2 O-O 6. O-O dxc4 7. Ne5 Nc6 8.
Bxc6 bxc6 9. Nxc6 Qe8 10. Nxe7+ Qxe7 11. Bg5 h6 12. Bxf6 Qxf6 13. Na3 Rd8 14.
e3 c5 15. Nxc4 cxd4 16. e4 e5 17. f4 exf4 18. Rxf4 Qe6 19. Nd2 g5 20. Rf3 Rb8
21. b3 Ba6 22. Qe1 Rbc8 23. Qf2 Rc6 24. Re1 f6 25. e5 fxe5 26. Rf5 Rd5 27. Ne4
Kg7 28. Nxg5 hxg5 29. Rxg5+ Kh6 30. Qd2 Rc2 31. Rgxe5+ Rxd2 32. Rxe6+ Kg5 33.
Rxa6 Rc5 34. h3 d3 35. b4 Rf5 36. Ra5 Rxa5 37. bxa5 Rxa2 38. Re5+ Kf6 39. Rd5
d2 40. Kf1 Rxa5 41. Rxd2 Ra1+ 42. Ke2 a5 43. Rd1 Ra3 44. Rd3 Ra1 45. Kd2 a4 46.
Kc2 a3 47. Kb3 a2 48. g4 Rf1 49. Kxa2 Kg5 50. Kb3 Kh4 51. Kc4 Kg5 52. Kd5 Rf8
53. Ke4 Rf4+ 54. Ke5 Rf8 55. Rd5 Re8+ 56. Kd6+ Kh4 57. Rh5+ Kg3 58. Re5 Rh8 59.
Ke7 Rxh3 60. g5 Kf4 61. Kf6 Ra3 62. g6 Ra6+ 63. Re6 Ra1 64. g7 Rg1 65. Re8 1-0

[Event "Club Championships C Grade"]
[Site "Wellington Chess Club"]
[Date "2021.12.02"]
[Round "4.1"]
[White "Winsley, Nicholas"]
[Black "Heyworth, Nicholas"]
[Result "1-0"]
[WhiteElo "1821"]
[BlackElo "1838"]

1. d4 Nf6 2. c4 e6 3. Nc3 Bb4 4. Qc2 O-O 5. Nf3 d5 6. a3 Bxc3+ 7. bxc3 b6 8.
Bg5 h6 9. Bh4 Bb7 10. cxd5 exd5 11. Qf5 Bc8 12. Qf4 g5 13. Bxg5 hxg5 14. Nxg5
Nh7 15. Nxh7 Kxh7 16. e3 f5 17. Bd3 Kg7 18. Qg3+ Kf7 19. Qf4 Ke7 20. c4 Qd6 21.
Qg5+ Rf6 22. cxd5 Qxd5 23. Rc1 Nc6 24. Bc4 Qa5+ 25. Ke2 Nd8 26. Qg7+ Nf7 27.
Bxf7 Rxf7 28. Rxc7+ Bd7 29. Rxd7+ Kxd7 30. Qxf7+ Kd6 31. Rc1 1-0

[Event "Club Championships C Grade"]
[Site "Wellington Chess Club"]
[Date "2021.12.02"]
[Round "4.2"]
[White "Hall, Nathan"]
[Black "Archer, Ollie"]
[Result "1-0"]
[WhiteElo "1974"]
[BlackElo "1822"]

1. e4 c6 2. d4 d5 3. Nc3 dxe4 4. Nxe4 Bf5 5. Ng3 Bg6 6. h4 h6 7. Nf3 Nd7 8. Bd3
Bxd3 9. Qxd3 e6 10. O-O Ngf6 11. Re1 Bd6 12. Nf5 Bf8 13. Bf4 Nb6 14. c4 g6 15.
Ng3 Bg7 16. a4 O-O 17. a5 Nbd7 18. Qd2 h5 19. Ra3 Re8 20. Rd3 Qc8 21. Bh6 c5
22. Bxg7 Kxg7 23. Ne5 cxd4 24. Nxd7 Qxd7 25. Rxd4 Qc7 26. Qg5 e5 27. Rd6 Nh7
28. Qd2 Rad8 29. c5 b6 30. b4 bxc5 31. bxc5 Rb8 32. Qd5 Nf6 33. Qf3 Ng4 34. Rc1
Rb2 35. Ne4 Qxa5 36. Rd7 Qa2 37. c6 Re2 38. Qxf7+ Qxf7 39. Rxf7+ Kxf7 40. Nd6+
Ke7 41. Nxe8 Kxe8 42. c7 Re1+ 43. Rxe1 Kd7 44. Rc1 Kc8 45. f3 Ne3 46. Rc5 Nf5
47. Rc4 Nd4 48. Kf2 Nb5 49. Rc6 Nxc7 50. Rxg6 Nd5 51. Ra6 Kb7 52. Ra5 Nf4 53.
g3 Ng6 54. Ke3 Kb6 55. Ra2 a5 56. Ke4 Kb5 57. Kf5 Ne7+ 58. Kxe5 Nc6+ 59. Kd6
Nb4 60. Ra1 Nc2 61. Rb1+ Kc4 62. g4 a4 63. g5 a3 64. g6 Kc3 65. g7 a2 66. Rd1
1-0

[Event "Club Championships C Grade"]
[Site "Wellington Chess Club"]
[Date "2021.12.02"]
[Round "4.3"]
[White "Winsley, Daniel"]
[Black "Van der Hoorn, Thomas"]
[Result "0-1"]
[WhiteElo "1829"]
[BlackElo "1946"]

1. b4 e5 2. Bb2 Bxb4 3. Bxe5 Nf6 4. c3 Ba5 5. e3 Nc6 6. Bxf6 Qxf6 7. d4 d5 8.
Bd3 Bf5 9. Ne2 O-O 10. Ng3 Bg6 11. O-O Rfe8 12. f4 Rxe3 13. f5 Bxc3 14. Nxc3
Qxd4 15. Nb5 Qxd3 16. Qxd3 Rxd3 17. fxg6 hxg6 18. Rad1 Rxd1 19. Rxd1 Rd8 20.
Nxc7 d4 21. Ne4 Rd7 22. Nb5 a6 23. Na3 Re7 24. Re1 f5 0-1